000 00299nam a22001337a 4500
008 181016b xxu||||| |||| 00| 0 eng d
020 _a0874845688
041 _aeng
080 _23rd
_a316
100 _a50
101 _aSOC
245 _aWomen a Feminist Perspective
_cFreeman,J
942 _2udc
_cBK
999 _c49898
_d49898